| 000 | 01057cam a2200205 4500 | ||
|---|---|---|---|
| 001 | WB3901-36 | ||
| 008 | 030108n2003 000 0 eng u | ||
| 035 | _a(Sirsi) u120950 | ||
| 245 | _aReport promotes farm diversification | ||
| 260 | _c2003 | ||
| 490 |
_aPlanning (for the Natural and Built Environment) _v(1500) 3 January 2003, 4(1) |
||
| 490 |
_aDEFRA News Release _v(513/02) 12 December 2002, (3) |
||
| 520 | _aDEFRA's "Strategy for sustainable farming and food" outlines how farming can become more responsive to consumer demand and less dependent on subsidies. The strategy builds on the work of the Curry Commission and encourages farmers to diversify and practice sustainable farming. The strategy is backed by £500m of government funding. "Strategy for sustainable farming and food" available at www.defra.gov.uk/farm/sustain/default.htm www.defra.gov.uk/news/2002/021212c.htm | ||
| 590 | _aWB | ||
| 650 | _aSUSTAINABLE FARMING | ||
| 650 | _aCURRY REPORT | ||
| 650 | _aFARM DIVERSIFICATION | ||
| 690 |
_aRural _96268 |
||
| 942 | _n0 | ||
| 999 |
_c71899 _d71899 |
||